Dejiny účtovníctva na Slovensku

Na minha lista:
Detalhes bibliográficos
Autor principal: Šlosár, Rudolf
Outros Autores: Laučík, Zdenko, Farkaš, Richard
Formato: Livro
Idioma:eslovaco
Publicado em: Bratislava Iura Edition 2008
Colecção:Ekonómia
Assuntos:
Tags: Adicionar Tag
Sem tags, seja o primeiro a adicionar uma tag!

MARC

LEADER 00000nam$a2200000$$$4500
001 0088500
005 20240502072007.2
020 |a 978-80-8078-227-6 
041 0 |a slo 
044 |a SK 
245 1 0 |a Dejiny účtovníctva na Slovensku  |c Rudolf Šlosár 
264 1 |a Bratislava  |b Iura Edition  |c 2008 
300 |a 234 s. 
490 1 |a Ekonómia 
830 0 |a Ekonómia 
610 2 0 |a účtovníctvo 
610 2 0 |a dejiny 
610 2 0 |a Slovensko 
100 1 |a Šlosár, Rudolf 
700 1 |a Laučík, Zdenko 
700 1 |a Farkaš, Richard